[Event "Koege Lang Jubilaeum Weekend Grp2 2022"]
[Site "Koge"]
[Date "2022.07.08"]
[Round "6"]
[White "Leonhardsen, Vebjorn Maanum"]
[Black "Mortensen, Henrik"]
[Result "1-0"]
[WhiteElo "1881"]
[BlackElo "1884"]
[PlyCount "51"]
[EventDate "2022.07.06"]
[EventType "tourn"]
[EventRounds "9"]
[EventCountry "DEN"]

1. c4 c5 2. Nf3 Nf6 3. e3 g6 4. Nc3 Bg7 5. Be2 O-O 6. O-O b6 7. d4 cxd4 8. exd4
d6 9. b3 Nbd7 10. Bb2 Bb7 11. d5 Ne4 12. Qc1 Nxc3 13. Bxc3 Bxc3 14. Qxc3 Nf6
15. Nd4 Rc8 16. Qe3 a6 17. a4 Re8 18. Bf3 Qd7 19. Qg5 Kg7 20. Rfe1 Rc5 21. Qd2
b5 22. axb5 axb5 23. Nxb5 Bxd5 24. Ra7 Qf5 25. Bxd5 Nxd5 26. Nxd6 1-0

[Event "Koege Lang Jubilaeum Weekend Grp2 2022"]
[Site "Koge"]
[Date "2022.07.08"]
[Round "6"]
[White "Saravana, Vedant Kumar"]
[Black "Kush, Bhagat"]
[Result "1/2-1/2"]
[WhiteElo "1868"]
[BlackElo "1813"]
[PlyCount "66"]
[EventDate "2022.07.06"]
[EventType "tourn"]
[EventRounds "9"]
[EventCountry "DEN"]

1. e4 c5 2. Nf3 d6 3. d4 cxd4 4. Nxd4 Nf6 5. Nc3 g6 6. Be3 Bg7 7. f3 O-O 8. Bc4
Nc6 9. Qd2 Bd7 10. O-O-O Qa5 11. Kb1 Rfc8 12. Bb3 Ne5 13. h4 b5 14. Nd5 Qxd2
15. Bxd2 Nxd5 16. Bxd5 Rab8 17. Bb4 Nc4 18. Bxc4 Rxc4 19. c3 Ra8 20. Ba5 Rb8
21. Bb4 Ra8 22. Ba5 f5 23. Rhe1 Kf7 24. Ka1 Re8 25. f4 fxe4 26. Rxe4 Bf5 27.
Re3 Bxd4 28. Rxd4 Rxd4 29. cxd4 Rc8 30. Rc3 Rc4 31. Rxc4 bxc4 32. b3 cxb3 33.
axb3 Ke6 1/2-1/2

[Event "Koege Lang Jubilaeum Weekend Grp2 2022"]
[Site "Koge"]
[Date "2022.07.09"]
[Round "7"]
[White "Mortensen, Henrik"]
[Black "Refsgaard, Kaj"]
[Result "1-0"]
[WhiteElo "1884"]
[BlackElo "1703"]
[PlyCount "77"]
[EventDate "2022.07.06"]
[EventType "tourn"]
[EventRounds "9"]
[EventCountry "DEN"]

1. e4 c5 2. Ne2 Nc6 3. c4 g6 4. d4 cxd4 5. Nxd4 Bg7 6. Be3 Nf6 7. Nc3 O-O 8. f3
d6 9. Qd2 Bd7 10. Nc2 Qc8 11. Be2 Ne5 12. Na3 a6 13. O-O Rb8 14. Rfc1 Bc6 15.
b4 Qe8 16. b5 axb5 17. cxb5 Bd7 18. h3 Ra8 19. Nc2 Be6 20. Nd4 Bc4 21. f4 Bxe2
22. fxe5 dxe5 23. Ndxe2 Rd8 24. Qb2 Rd3 25. Bf2 Qb8 26. Qc2 Rfd8 27. Rd1 Rxd1+
28. Rxd1 Rxd1+ 29. Qxd1 Bh6 30. a4 Qc7 31. Qb3 Qd6 32. a5 Qd3 33. Qd1 Qc4 34.
a6 bxa6 35. Qd8+ Kg7 36. b6 Nxe4 37. Qxe7 Nxf2 38. Qxe5+ f6 39. Qc7+ 1-0

[Event "Koege Lang Jubilaeum Weekend Grp2 2022"]
[Site "Koge"]
[Date "2022.07.09"]
[Round "7"]
[White "Loveid, Erik"]
[Black "Petrovski, Petruli"]
[Result "1/2-1/2"]
[WhiteElo "1883"]
[BlackElo "1826"]
[PlyCount "87"]
[EventDate "2022.07.06"]
[EventType "tourn"]
[EventRounds "9"]
[EventCountry "DEN"]

1. d4 Nf6 2. Bg5 Ne4 3. Bf4 c5 4. f3 Nf6 5. dxc5 Nc6 6. e4 g6 7. Qd2 Bg7 8. c3
O-O 9. Bd3 b6 10. cxb6 Qxb6 11. Be3 Qc7 12. Ne2 Ne5 13. O-O d6 14. Na3 a6 15.
Nd4 Nxd3 16. Qxd3 e5 17. Ndc2 Be6 18. c4 Nh5 19. Rad1 Rfd8 20. b3 Qe7 21. Qd2
f5 22. Bg5 Bf6 23. Be3 f4 24. Bb6 Rd7 25. Nb4 Bg7 26. Nd5 Qf7 27. Qf2 g5 28. g4
fxg3 29. hxg3 Bh3 30. Rfe1 Rf8 31. Rd3 g4 32. fxg4 Qxf2+ 33. Bxf2 Bxg4 34. c5
dxc5 35. Bxc5 Rfd8 36. Nc4 Re8 37. Nce3 Be6 38. Kg2 Nf6 39. Nxf6+ Bxf6 40. Rxd7
Bxd7 41. Nd5 Bg5 42. Be3 Bd8 43. Bc5 Kf7 44. Rf1+ 1/2-1/2

[Event "Koege Lang Jubilaeum Weekend Grp2 2022"]
[Site "Koge"]
[Date "2022.07.09"]
[Round "7"]
[White "Gottschalck, Christian"]
[Black "Jankevicius, Nedas"]
[Result "1/2-1/2"]
[WhiteElo "1693"]
[BlackElo "1874"]
[PlyCount "122"]
[EventDate "2022.07.06"]
[EventType "tourn"]
[EventRounds "9"]
[EventCountry "DEN"]

1. e4 c6 2. d4 d5 3. exd5 cxd5 4. Bd3 Nf6 5. c3 g6 6. Bf4 Bg7 7. Nd2 O-O 8.
Ngf3 Nc6 9. O-O Bf5 10. Be2 Ne4 11. Nxe4 dxe4 12. Ne5 Nxe5 13. dxe5 Qc7 14. g4
Be6 15. Qd4 f5 16. exf6 Qxf4 17. fxg7 Rfd8 18. Qe3 Qxe3 19. fxe3 Rd2 20. Rf2
Rxb2 21. Bc4 Bxc4 22. Rxb2 b6 23. Rd2 Bd3 24. Rad1 Rd8 25. Rf2 Kxg7 26. Rf4 Rc8
27. Rc1 b5 28. a3 a5 29. Rf2 Rc4 30. Rb2 Ra4 31. Ra1 Kf7 32. Kf2 Ke6 33. Ke1
Ke5 34. Kd2 Kf6 35. h4 h5 36. gxh5 gxh5 37. Ke1 Kf5 38. Rf2+ Kg4 39. Rf4+ Kg3
40. Kd2 b4 41. cxb4 axb4 42. Rg1+ Kh2 43. Ra1 bxa3 44. Kc3 Rc4+ 45. Kb3 Rc2 46.
Ra2 Rxa2 47. Kxa2 Kg3 48. Kxa3 e5 49. Rf5 Kxh4 50. Rxe5 Kg4 51. Re7 Kg3 52.
Rg7+ Kf2 53. Rh7 Be2 54. Kb2 Kxe3 55. Kc3 Kf2 56. Kd4 e3 57. Re7 h4 58. Rxe3
Bg4 59. Re8 h3 60. Rh8 Kg2 61. Rxh3 Bxh3 1/2-1/2

[Event "Koege Lang Jubilaeum Weekend Grp2 2022"]
[Site "Koge"]
[Date "2022.07.09"]
[Round "7"]
[White "Steenstrup, Svend"]
[Black "Saravana, Vedant Kumar"]
[Result "1/2-1/2"]
[WhiteElo "1925"]
[BlackElo "1868"]
[PlyCount "63"]
[EventDate "2022.07.06"]
[EventType "tourn"]
[EventRounds "9"]
[EventCountry "DEN"]

1. d4 d5 2. c4 c6 3. Nf3 Nf6 4. Qb3 dxc4 5. Qxc4 Bf5 6. g3 e6 7. Bg2 Bd6 8. Nc3
Nbd7 9. O-O O-O 10. Re1 Bg6 11. e4 e5 12. Bg5 h6 13. Bh4 Bh7 14. Rad1 g5 15.
dxe5 Bxe5 16. Nxe5 Nxe5 17. Qc5 Qc7 18. Nb5 Qb6 19. Qxe5 cxb5 20. Bxg5 hxg5 21.
Qxg5+ Kh8 22. e5 Ne8 23. Be4 Bg6 24. Qh6+ Kg8 25. Rd6 Nxd6 26. Bxg6 fxg6 27.
Qxg6+ Kh8 28. Qh6+ Kg8 29. Qg6+ Kh8 30. Qh6+ Kg8 31. Qg6+ Kh8 32. Qh6+ 1/2-1/2

[Event "Koege Lang Jubilaeum Weekend Grp2 2022"]
[Site "Koge"]
[Date "2022.07.09"]
[Round "7"]
[White "Kush, Bhagat"]
[Black "Leonhardsen, Vebjorn Maanum"]
[Result "1/2-1/2"]
[WhiteElo "1813"]
[BlackElo "1881"]
[PlyCount "90"]
[EventDate "2022.07.06"]
[EventType "tourn"]
[EventRounds "9"]
[EventCountry "DEN"]

1. d4 d5 2. Bf4 Nf6 3. e3 c5 4. c3 Nc6 5. Nd2 cxd4 6. exd4 Bf5 7. Ngf3 e6 8.
Qb3 Qc8 9. Be2 h6 10. h3 Be7 11. O-O O-O 12. Rac1 Ne4 13. Rfd1 Bd6 14. Bxd6
Nxd6 15. c4 dxc4 16. Nxc4 Nxc4 17. Bxc4 Na5 18. Qb5 Nxc4 19. Rxc4 a6 20. Qb4
Qd7 21. Ne5 Qd5 22. Rc7 Qxa2 23. Nd7 Be4 24. Nxf8 Rxf8 25. Rc5 Bd5 26. Rdc1 Qb3
27. Qxb3 Bxb3 28. Rc8 Bd5 29. Rxf8+ Kxf8 30. f4 Bc6 31. Kf2 h5 32. g4 hxg4 33.
hxg4 Ke7 34. Ke3 Kf6 35. Rc5 Bd5 36. Rc7 Bc6 37. f5 g6 38. fxg6 Kxg6 39. Kf4 f6
40. b4 Bd5 41. Re7 Kh6 42. Rc7 Kg6 43. Rd7 Bc6 44. Re7 Bd5 45. Rd7 Bc6 1/2-1/2

[Event "Koege Lang Jubilaeum Weekend Grp2 2022"]
[Site "Koge"]
[Date "2022.07.09"]
[Round "8"]
[White "Refsgaard, Kaj"]
[Black "Kush, Bhagat"]
[Result "0-1"]
[WhiteElo "1703"]
[BlackElo "1813"]
[PlyCount "26"]
[EventDate "2022.07.06"]
[EventType "tourn"]
[EventRounds "9"]
[EventCountry "DEN"]

1. d4 Nf6 2. c4 g6 3. Bf4 Bg7 4. e3 O-O 5. Nc3 d6 6. Nf3 Nbd7 7. Bd3 b6 8. O-O
Bb7 9. Re1 Re8 10. d5 e5 11. dxe6 fxe6 12. Rc1 e5 13. Bg5 e4 0-1

[Event "Koege Lang Jubilaeum Weekend Grp2 2022"]
[Site "Koge"]
[Date "2022.07.09"]
[Round "8"]
[White "Petrovski, Petruli"]
[Black "Mortensen, Henrik"]
[Result "0-1"]
[WhiteElo "1826"]
[BlackElo "1884"]
[PlyCount "96"]
[EventDate "2022.07.06"]
[EventType "tourn"]
[EventRounds "9"]
[EventCountry "DEN"]

1. e4 Nf6 2. e5 Nd5 3. c4 Nb6 4. c5 Nd5 5. Bc4 e6 6. Nc3 Nxc3 7. dxc3 Qh4 8.
Qe2 Bxc5 9. g3 Qe7 10. Nf3 d5 11. Bd3 a5 12. O-O Nc6 13. Bg5 f6 14. Bf4 O-O 15.
exf6 gxf6 16. Nh4 Qg7 17. Qd2 Re8 18. Bh6 Qf7 19. Rfe1 Ne5 20. Rxe5 Bxf2+ 21.
Kg2 Kh8 22. Re2 Bc5 23. Rae1 Bd7 24. Be3 Bd6 25. Rf1 Rg8 26. Ref2 Qh5 27. Nf3
e5 28. Ng5 fxg5 29. Bf5 Bc6 30. Kg1 Rae8 31. b3 h6 32. Qc2 Ref8 33. Qd2 Qe8 34.
a4 Rf6 35. g4 Qe7 36. h4 Qg7 37. hxg5 hxg5 38. Rh2+ Rh6 39. Rff2 e4 40. Rxh6+
Qxh6 41. Bd4+ Rg7 42. Bxe4 dxe4 43. Rf7 e3 44. Bxg7+ Qxg7 45. Qd4 Qxd4 46. cxd4
Bf4 47. Rf5 Bf3 48. Rxa5 e2 0-1

[Event "Koege Lang Jubilaeum Weekend Grp2 2022"]
[Site "Koge"]
[Date "2022.07.09"]
[Round "8"]
[White "Jankevicius, Nedas"]
[Black "Loveid, Erik"]
[Result "1/2-1/2"]
[WhiteElo "1874"]
[BlackElo "1883"]
[PlyCount "79"]
[EventDate "2022.07.06"]
[EventType "tourn"]
[EventRounds "9"]
[EventCountry "DEN"]

1. e4 c5 2. Nc3 Nc6 3. f4 g6 4. Nf3 Bg7 5. Bc4 e6 6. d3 Nge7 7. O-O d5 8. Bb3
O-O 9. Qe1 Rb8 10. a4 b6 11. Qh4 dxe4 12. dxe4 Nd4 13. Nxd4 cxd4 14. Rd1 Nc6
15. Qe1 Qe7 16. Ne2 Ba6 17. Ng3 Qc5 18. e5 d3+ 19. Be3 Qb4 20. Qf2 Na5 21. Bd2
Qe7 22. Bxa5 bxa5 23. Ne4 dxc2 24. Bxc2 Rxb2 25. Rd2 Qb4 26. Nc5 Bc4 27. Rad1
Qb6 28. Nd7 Qxf2+ 29. Kxf2 Rd8 30. Ke3 Rxd7 31. Rxd7 Rxc2 32. Rxa7 Bf8 33. Rxa5
Bd5 34. g3 Bc5+ 35. Kd3 Rc4 36. Rb1 Rd4+ 37. Kc3 Rc4+ 38. Kd3 Rd4+ 39. Kc3 Rc4+
40. Kd3 1/2-1/2

[Event "Koege Lang Jubilaeum Weekend Grp2 2022"]
[Site "Koge"]
[Date "2022.07.09"]
[Round "8"]
[White "Steenstrup, Svend"]
[Black "Gottschalck, Christian"]
[Result "1-0"]
[WhiteElo "1925"]
[BlackElo "1693"]
[PlyCount "45"]
[EventDate "2022.07.06"]
[EventType "tourn"]
[EventRounds "9"]
[EventCountry "DEN"]

1. d4 e5 2. dxe5 d6 3. exd6 Bxd6 4. g3 c6 5. Nf3 Nf6 6. Bg2 O-O 7. O-O Qe7 8.
Qd4 c5 9. Qh4 h6 10. Nc3 Nc6 11. e4 Ne5 12. Nxe5 Bxe5 13. Be3 Rb8 14. Rad1 Bg4
15. f3 Bh5 16. g4 Bg6 17. g5 hxg5 18. Bxg5 Bxc3 19. bxc3 Qe5 20. f4 Qxc3 21.
Rd3 Qxc2 22. Rh3 Nh7 23. f5 1-0

[Event "Koege Lang Jubilaeum Weekend Grp2 2022"]
[Site "Koge"]
[Date "2022.07.09"]
[Round "8"]
[White "Saravana, Vedant Kumar"]
[Black "Leonhardsen, Vebjorn Maanum"]
[Result "1-0"]
[WhiteElo "1868"]
[BlackElo "1881"]
[PlyCount "91"]
[EventDate "2022.07.06"]
[EventType "tourn"]
[EventRounds "9"]
[EventCountry "DEN"]

1. e4 c6 2. d4 d5 3. Nc3 dxe4 4. Nxe4 Bf5 5. Ng3 Bg6 6. Nf3 Nd7 7. h4 h6 8. h5
Bh7 9. Bd3 Bxd3 10. Qxd3 e6 11. Bd2 Ngf6 12. O-O-O Be7 13. Kb1 O-O 14. Ne4 Nxe4
15. Qxe4 Nf6 16. Qd3 Qd5 17. Ne5 Qe4 18. Qg3 Kh8 19. f3 Qd5 20. Qf2 c5 21. c4
Qd8 22. g4 Nd7 23. g5 hxg5 24. Ng6+ Kh7 25. Nxf8+ Nxf8 26. Bc3 cxd4 27. Rxd4
Qc7 28. Qc2+ f5 29. Rg4 Kh6 30. Rg2 Rd8 31. b3 Qf4 32. Qb2 Qxf3 33. Bxg7+ Kh7
34. Rgg1 Qe4+ 35. Ka1 Bc5 36. Rd1 g4 37. Bh8 e5 38. Bxe5 Ba3 39. Qh2 Rxd1+ 40.
Rxd1 Ne6 41. Bc3 f4 42. Qh4 Qc2 43. Rd7+ Kg8 44. Qxg4+ Kf8 45. Bg7+ Nxg7 46.
Qxg7+ 1-0

[Event "Koege Lang Jubilaeum Weekend Grp2 2022"]
[Site "Koge"]
[Date "2022.07.10"]
[Round "9"]
[White "Leonhardsen, Vebjorn Maanum"]
[Black "Refsgaard, Kaj"]
[Result "1-0"]
[WhiteElo "1881"]
[BlackElo "1703"]
[PlyCount "51"]
[EventDate "2022.07.06"]
[EventType "tourn"]
[EventRounds "9"]
[EventCountry "DEN"]

1. Nf3 c5 2. c4 Nf6 3. e3 g6 4. Nc3 Bg7 5. Be2 d6 6. d4 cxd4 7. exd4 O-O 8. O-O
Bf5 9. b3 a6 10. Bb2 Ne4 11. Nxe4 Bxe4 12. Qd2 Bc6 13. d5 Bd7 14. Bxg7 Kxg7 15.
Nd4 Kg8 16. Rfe1 Re8 17. Bf3 Bc8 18. h4 Nd7 19. h5 Ne5 20. Be4 Ng4 21. hxg6 Nf6
22. gxf7+ Kxf7 23. Bf5 Rg8 24. Qe3 Ng4 25. Qf4 Bxf5 26. Nxf5 1-0

[Event "Koege Lang Jubilaeum Weekend Grp2 2022"]
[Site "Koge"]
[Date "2022.07.10"]
[Round "9"]
[White "Kush, Bhagat"]
[Black "Petrovski, Petruli"]
[Result "1-0"]
[WhiteElo "1813"]
[BlackElo "1826"]
[PlyCount "88"]
[EventDate "2022.07.06"]
[EventType "tourn"]
[EventRounds "9"]
[EventCountry "DEN"]

1. d4 Nf6 2. Bf4 g6 3. e3 Bg7 4. Nf3 O-O 5. Be2 b6 6. h3 Bb7 7. O-O d6 8. c4
Nbd7 9. Nc3 e6 10. Rc1 a6 11. b4 Nh5 12. Bh2 e5 13. Na4 Qe7 14. c5 bxc5 15.
bxc5 dxc5 16. Nxc5 Nxc5 17. Rxc5 Rfd8 18. Qc2 Rd7 19. Nxe5 Bxe5 20. Rxe5 Qf6
21. Bxh5 gxh5 22. Qc5 Kh8 23. Rg5 Qd8 24. Rxh5 f6 25. f3 Bd5 26. Bxc7 Rxc7 27.
Rxd5 Qc8 28. Qb6 Rc6 29. Rd8+ Qxd8 30. Qxc6 Ra7 31. Rc1 Ra8 32. d5 Kg7 33. Qc7+
Kg6 34. Qxd8 Rxd8 35. e4 Kg5 36. Kf2 f5 37. Ke3 f4+ 38. Kd4 Kh4 39. e5 Kg3 40.
Rc2 h5 41. e6 Kh2 42. e7 Rg8 43. d6 Rxg2 44. Rxg2+ Kxg2 1-0

[Event "Koege Lang Jubilaeum Weekend Grp2 2022"]
[Site "Koge"]
[Date "2022.07.10"]
[Round "9"]
[White "Loveid, Erik"]
[Black "Steenstrup, Svend"]
[Result "0-1"]
[WhiteElo "1883"]
[BlackElo "1925"]
[PlyCount "68"]
[EventDate "2022.07.06"]
[EventType "tourn"]
[EventRounds "9"]
[EventCountry "DEN"]

1. d4 d5 2. c4 e6 3. Nf3 c5 4. cxd5 exd5 5. Nc3 Nf6 6. g3 Nc6 7. Bg2 cxd4 8.
Nxd4 Bc5 9. Nb3 Bb6 10. O-O Be6 11. Bg5 h6 12. Bxf6 Qxf6 13. Nxd5 Bxd5 14. Qxd5
O-O 15. Rab1 Rfe8 16. Qf3 Qe6 17. e4 a5 18. Qh5 a4 19. Nc1 Ra5 20. Qh4 g5 21.
Qh3 g4 22. Qh4 Qg6 23. h3 gxh3 24. Bf3 Nd4 25. Bd1 Rg5 26. Kh2 Rxe4 27. Qxh3
Ree5 28. Qc8+ Kg7 29. f4 Rh5+ 30. Kg2 Qe4+ 31. Bf3 Nxf3 32. Rxf3 Rc5 33. Qg4+
Kf8 34. Nd3 Rc2+ 0-1

[Event "Koege Lang Jubilaeum Weekend Grp2 2022"]
[Site "Koge"]
[Date "2022.07.10"]
[Round "9"]
[White "Gottschalck, Christian"]
[Black "Saravana, Vedant Kumar"]
[Result "0-1"]
[WhiteElo "1693"]
[BlackElo "1868"]
[PlyCount "72"]
[EventDate "2022.07.06"]
[EventType "tourn"]
[EventRounds "9"]
[EventCountry "DEN"]

1. e4 e5 2. Nf3 Nc6 3. d4 exd4 4. Bc4 Bb4+ 5. c3 Be7 6. cxd4 Bb4+ 7. Nc3 Nf6 8.
Qd3 d5 9. exd5 Nxd5 10. O-O Bxc3 11. bxc3 O-O 12. Re1 h6 13. Ba3 Be6 14. Bxf8
Qxf8 15. Bb3 Qd6 16. Bc2 g6 17. Nh4 Nf4 18. Qg3 Ne7 19. Bb3 g5 20. Bxe6 fxe6
21. Qg4 Ned5 22. g3 Nf6 23. Qf3 Nh3+ 24. Kg2 Rf8 25. Ng6 g4 26. Qxb7 Rf7 27.
Ne5 Rf8 28. Re2 h5 29. Rae1 Nd5 30. Ng6 Rf6 31. Qa8+ Kg7 32. Ne5 Nxc3 33. Rc2
Qxd4 34. Ree2 Qd1 35. Nf3 Rxf3 36. Qxf3 Qg1# 0-1